MARC

LEADER 00000cam a22000004a 4500
001 musev2_65675
003 MdBmJHUP
005 20230905050747.0
006 m o d
007 cr||||||||nn|n
008 111109s2008 quc o 00 0 eng d
020 |a 9781772824179 
020 |z 1772824178 
035 |a (OCoLC)760223407 
040 |a MdBmJHUP  |c MdBmJHUP 
041 0 |a eng  |b fre 
100 1 |a Jenness, Diamond,  |d 1886-1969. 
245 1 0 |a Through darkening spectacles :   |b Memoirs of Diamond Jenness /   |c Diamond Jenness and Stuart E. Jenness. 
264 1 |a Gatineau, Quebec :  |b Canadian Museum of Civilization,  |c 2008. 
264 3 |a Baltimore, Md. :  |b Project MUSE,   |c 2020 
264 4 |c ©2008. 
300 |a 1 online resource (434 pages):   |b illustrations, maps. 
336 |a text  |b txt  |2 rdacontent 
337 |a computer  |b c  |2 rdamedia 
338 |a online resource  |b cr  |2 rdacarrier 
490 0 |a Mercury series. History paper ;  |v 55 
500 |a "This book contains an unpublished manuscript of recollections by Diamond Jenness with additional chapters written by Stuart E. Jenness"--Title page verso. 
505 0 |a 1908 : the launching of an innocent / D. Jenness -- 1912 : the ascent of Mount Madawana, Papua-New Guinea / D. Jenness -- 1913-16 : the Canadian Arctic Expedition / S.E. Jenness -- 1915-24 : the trials of a polygamist / D. Jenness -- 1916-22 : the First World War and it aftermath / S.E. Jenness -- 1923-24 : on a British Columbia frontier / D. Jenness -- 1924 : trekking the Yukon telegraph line / D. Jenness -- 1925-26 : a friendship lost / S.E. Jenness -- 1926 : seaching for early Americans / D. Jenness -- 1926-39 : administrative tedium / S.E. Jenness -- 1934 : anthropology rescues an immigrant / D. Jenness --- 1936 : an Indian medicine man / D. Jenness -- 1926-39 : field work, books, consulting, and conferences / S.E. Jenness -- 1938 : Europe in the shadow of impending war / D. Jenness -- 1939-48 : the Second World War and early retirement / S.E. Jenness -- 1948-65 : post-retirement wanderings / S.E. Jenness -- 1949-50 : wandering through Italy / D. Jenness -- 1955-56 : a winter in troubled Cyprus / D. Jenness --1959-60 : a French pilgrimage and early church architecture / S.E. Jenness -- 1961-62 : adrift in Spain / D. Jenness -- 1964 : in Greenland / D. Jenness -- Recollections of "A splendid little Chap" / S.E. Jenness. 
546 |a Abstract also in French. 
588 |a Description based on print version record. 
600 1 7 |a Jenness, Diamond.  |2 swd 
600 1 7 |a Jenness, Diamond,  |d 1886-1969.  |2 fast  |0 (OCoLC)fst00122686 
600 1 6 |a Jenness, Diamond,  |d 1886-1969  |v Bibliographie. 
600 1 6 |a Jenness, Diamond,  |d 1886-1969. 
600 1 0 |a Jenness, Diamond,  |d 1886-1969  |v Bibliography. 
600 1 0 |a Jenness, Diamond,  |d 1886-1969. 
650 7 |a Ethnologists.  |2 fast  |0 (OCoLC)fst00916101 
650 7 |a Anthropologists.  |2 fast  |0 (OCoLC)fst00810184 
650 6 |a Anthropologues  |z Canada  |v Biographies. 
650 6 |a Ethnologues  |z Canada  |v Biographies. 
650 0 |a Anthropologists  |z Canada  |v Biography. 
650 0 |a Ethnologists  |z Canada  |v Biography. 
651 7 |a Canada.  |2 fast  |0 (OCoLC)fst01204310 
655 7 |a Biographies.  |2 fast  |0 (OCoLC)fst01919896 
655 7 |a Bibliography.  |2 fast  |0 (OCoLC)fst01423717 
655 7 |a Electronic books.   |2 local 
700 1 |a Jenness, Stuart E.  |q (Stuart Edward),  |d 1925- 
710 2 |a Canadian Museum of Civilization. 
710 2 |a Project Muse.  |e distributor 
830 0 |a Book collections on Project MUSE. 
856 4 0 |z Texto completo  |u https://projectmuse.uam.elogim.com/book/65675/ 
945 |a Project MUSE - Custom Collection 
945 |a Project MUSE - Archive Complete Supplement VIII 
945 |a Project MUSE - Archive History Supplement VIII